[Event "Estadual-ch"]
[Site "Vitoria"]
[Date "2009.11.28"]
[Round "3.1"]
[White "Silveira, Rogerio Zanon"]
[Black "Bittencourt, Jorge Humberto M"]
[Result "0-1"]
[WhiteElo "2113"]
[BlackElo "2454"]
[PlyCount "79"]
[EventDate "2009.11.20"]
[EventType "swiss"]
[EventRounds "7"]
[EventCountry "BRA"]
[SourceTitle "EXT 2022"]
[Source "ChessBase"]
[SourceDate "2021.10.06"]
[SourceVersion "1"]
[SourceVersionDate "2021.10.06"]
[SourceQuality "1"]

1. e4 c5 2. Nf3 e6 3. b3 b6 4. Bb2 Bb7 5. Nc3 a6 6. d4 cxd4 7. Nxd4 d6 8. Bd3 Nf6 9. Qe2 Be7 10. 0-0 0-0 11. Rad1 Nbd7 12. f4 Nc5 13. g4 Re8 14. g5 Nfd7 15. Qg4 b5 16. b4 Nxd3 17. Rxd3 Qc7 18. Rf2 Bf8 19. Nf3 g6 20. Kf1 Qc6 21. a3 Nb6 22. Nd2 Nc4 23. Nxc4 Qxc4 24. Re2 e5 25. f5 gxf5 26. Qxf5 Qe6 27. Qf2 Rac8 28. Rf3 Be7 29. Qh4 Rc4 30. Ref2 Rf8 31. Rh3 Qg6 32. Rf6 Bxf6 33. gxf6 Bxe4 34. Qf2 Bc6 35. Bc1 h5 36. Rg3 Rg4 37. Rxg4 Qxg4 38. Ne2 Qf3 39. Qxf3 Bxf3 40. Ng3 0-1